000 00512nam a2200229Ia 4500
003 IT-RoPAU
008 120407s9999 xx 000 0 und d
040 _aIT-RoPAU
040 _cIT-RoPAU
041 _aita
100 _aEmiliani Andrea
245 _a"Campagna e industria i segni del lavoro. Capire l’Italia."
250 _aMilano
260 _aTouring Club Italiano
260 _c1981
300 _a239 p.
300 _c28 cm
490 _v1
710 _aetc.
942 _cBK
999 _c29971
_d29971